000 00949cam a2200301 i 4500
001 120570
005 20230410123611.0
008 150820s2005 fr a 000 0 fre
020 _a2-24-705724-
041 0 _afre
050 1 4 _aKJV 7974
_bC669 2005
245 0 0 _aCode pénal /
_cYves Mayaud.
250 _a102e ed.
260 _aParis :
_bDalloz,
_c2005.
300 _aXLIV-2477 p. ;
_c20 cm.
440 0 _aCode Dalloz études
504 _aIncluye bibliografía e indice.
650 4 _aIDEF
650 4 _aInstitut international du droit d'expression et d'inspiration francaises.
650 4 _aDerecho Penal
_zFrancia
_xCódigos.
650 4 _aProcedimiento Penal
_zFrancia
_xCódigos.
650 6 _aDroit pénal
_zFrance
_xCodes.
650 6 _aProcédure pénale
_zFrance
_xCodes.
700 1 _aMayaud, Yves
710 2 _aInstitut international du droit d'expression et d'inspiration francaises.
942 _2lcc
_cbk
946 _almd
999 _c64677
_d64677